Deceased Simpsons Characters - Statistics

General Stats
  • This quiz has been taken 34 times
    24 since last reset
  • The average score is 9 of 159
Answer Stats
Death Character % Correct
Knocked out of a stadium Maude Flanders
63%
Killed by Skinner’s wheelchair (Flanders’ Ladder) | Pulled apart by snowmobiles (The Father, the Son and the Holy Guest Star) | Temporarily died when hit by a car Bart Simpson
44%
Electrocuted Frank Grimes
44%
Gunned down by Chief Wiggum (Flanders’ Ladder) | Old Age (Barting Over) | Was a ghost (The Boys Of Bummer) Homer Simpson
44%
Unknown Edna Krabappel
38%
Meditating (Flanders’ Ladder) Lisa Simpson
38%
Became a goddess (Flanders’ Ladder) Maggie Simpson
38%
Electrocutes herself (Days of Future Future) | Old Age (Flanders’ Ladder) | Was a ghost (The Boys Of Bummer) Marge Simpson
38%
Old Age Mona Simpson
25%
Pneumonia Bleeding Gums Murphy
19%
Heart Attack Fat Tony
19%
Poisoned (Flanders’ Ladder) | Shot himself in the head (Holidays of Future Passed) Ralph Wiggum
19%
Served poison by Moe in a dream Barney Gumble
13%
Burst Ventricle Beatrice Simmons
13%
Unknown Pa
13%
Unknown (Holidays of Future Passed) Sideshow Bob
13%
Hit by a car Snowball I
13%
Hit by a car Snowball II
13%
Attempted to stand on his own Albert
6%
Killed by a seal robot Alice Glick
6%
Overdosed Amber Simpson
6%
Unknown Buddy Holly
6%
Torpedoed out of a submarine Captain Tenille
6%
Choked on Homer’s sandwich (Flanders’ Ladder) Chief Wiggum
6%
Unknown Chip Davis
6%
Unknown Dr. Marvin Monroe
6%
Crushed by a piece of dome in his groin Dr. Nick
6%
Blimp Crash | Suffocated by a sticker over his face Duffman
6%
Grandpa showed her the death tarot card Gypsy
6%
1979 Parade Accident Iggy Wiggum
6%
Bitten by Zombie Terrance (Days of Future Future) Milhouse Van Houten
6%
Unknown Orville Simpson
6%
Crushed by the dome Panicky man
6%
Accidentally cooked to death in the bath Pinchy
6%
Heart Attack (Flanders’ Ladder) Seymour Skinner
6%
Drowned in the fish tank Snowball III
6%
Jumped into a pool of nuclear material (Flanders’ Ladder) Waylon Smithers
6%
Assassinated Abraham Lincoln Squirell
0%
Unknown (Barthood) Abraham Simpson II
0%
Failed Moe’s drink-a-gallon-of-gin challenge Andy
0%
Eaten by Santa’s Little Helper Annie
0%
Hit by a car Apu’s Dog
0%
1979 Parade Accident Arnie Gumble
0%
Held a grenade for too long Asa Glick
0%
Unknown Asa Phelps
0%
Served poison by Moe in a dream Barflies
0%
Unknown Bartigula
0%
Unknown Bart’s Turtle
0%
Crushed by Jebediah Springfield Statue Blackout survivor
0%
Washed up on shore Bluella
0%
Unknown Boris Simpson
0%
Eaten by the Coors Gator Budweiser Frogs
0%
Shot whilst playing paintball Bumblebee Man’s Father
0%
Shot whilst playing paintball Bumblebee Man’s Mother
0%
Unknown (Holidays of Future Passed) Capital City Goofball
0%
Beaten to death by Moe Szyslak Carl Switzer
0%
Fell into a tar pit Caveman Homer
0%
Lung Cancer Clancy Bouvier
0%
Jumped out of Lisa’s window Coltrane
0%
Electrocuted on power lines Convicted Man
0%
Heart attack Cornelius Chapman
0%
Unknown Cottontail
0%
Shot by Cletus Cupid
0%
Altitude sicknesson the Murderhorn C. W. McAllister
0%
Drowned after Nelson stole his equipment Diver
0%
Decapitated Persian Jimbo
0%
Brain cooked by Zombie Milhouse (Days of Future Future) Dolph
0%
Died in an appointment with Mr. Burns Dr. Nussbaum
0%
Drank rat poison Dr. Samuel Elkins
0%
Unknown Edgar Neubauer
0%
Hung himself after wrongful imprisonment Elmo
0%
Killed by an unseen figure (Presumably Jason Voorhees) Ernest Borgnine
0%
1979 Parade Accident Etch Westgrin
0%
Failed to fly and fell out of a window Flying Monkeys
0%
Died in a car crash Frank Ormand
0%
Euthanasia Fred Kanekke
0%
Accidentally sealed in concrete Geech
0%
Bowel Obstruction Gladys Gurney
0%
Hearing Neds song of praise Grandma Flanders
0%
Drowned when their barge flipped over Green Day
0%
1979 Parade Accident Griff McDonald
0%
Ate one of Moe’s pickled eggs Health Inspector Frankie
0%
Stroke Horace Wilcox
0%
Unknown Hortense Simpson
0%
Unknown Howard Sr.
0%
Unknown Hubert Simpson
0%
Unknown Humphrey Boa-Gart
0%
Shot by Hank Scorpio James Bont
0%
Shot by Cletus’ gang James Caan
0%
Brain cooked by Zombie Milhouse (Days of Future Future) Jimbo
0%
Vietnam War Johnny
0%
Killed by an unseen figure(Presumably Jason Voorhees) Junior Campers
0%
Brain cooked by Zombie Milhouse (Days of Future Future) Kearney
0%
Helicopter exploded Laramie Cigarettes Team
0%
Ran over Lawyer
0%
Sickness Lenny's Grandmother
0%
Unknown Lisa's Hamster
0%
Blimp crash Los Lobos
0%
Unknown Lyla
0%
Mobbed and assailed Lyle Lanley
0%
Unknown Majora
0%
Fell into a sea of lava Man
0%
Stabbed by an axe Man About to Be Executed by Axe
0%
Tennis ball in his chest Man Having Operation
0%
Hit by a trash can Mario
0%
Died whilst giving homer change for $100 Max
0%
A hernia Milton Haas
0%
Shot by Bart with a BB gun Mother bird
0%
Unknown Mr. Bananas
0%
Unknown Mr. Estes
0%
Unknown Mrs. Bananas
0%
Unknown Mrs. Gumble
0%
Nursing Rejection Mr. Stimson
0%
Unknown Mr. Teeny
0%
Unknown Nancy Drew
0%
Neglected by Lisa Nibbles
0%
Hit by a car Nuclear Inspector
0%
Unknown Obesus
0%
Decapitated Persian Dolph
0%
Decapitated Persian Kearney
0%
Hung himself (Future-Drama) Professor Frink
0%
Walked into a lake Professor Huntington
0%
Unknown Prudence Goodwife
0%
Natural Causes Rabbi Krustofsky
0%
Homer and Bart’s trap Rabbit
0%
Crashed the truck (Holidays of Future Passed) | Got hit by a truck (Holidays of Future Passed) Ralph Wiggum Clone
0%
Beef poisoning Red Barclay
0%
Unknown Ritchie Vallens
0%
Unknown Roger Meyers Sr.
0%
Unknown Rosemary Chalmers
0%
Unknown (Holidays of Future Passed) Sanjay Nahasapeemapetilon
0%
Shot himself in the head (Simpsorama) Scruffy
0%
Struck by the monorail Sebastian Cobb
0%
Sucked into a jet engine Shady Bobbins
0%
1979 Parade Accident Sheldon Skinner
0%
Dissolved by a beauty product Skin Mite
0%
Unknown Snuffy
0%
Unknown Steve Mobbs
0%
Killed by Bart’s Yo-Yo Stinky
0%
Crushed by a water bottle Superdude
0%
Unknown (Holidays of Future Passed) Superintendent Chalmers
0%
Unknown The Big Bopper
0%
Food Poisoning The Callibricis
0%
Unknown The Hardy Boys
0%
Hung herself The Only Woman for Moe
0%
Unknown The Pit Master
0%
Choked by an ice pick Viktor
0%
Shot by Wayne Slater Viktor’s Wife
0%
Radiation Poisoning Waylon Smithers Sr.
0%
Killed by Bart’s Yo-Yo Winckels
0%
No matching quizzes found
Score Distribution
Percent of People with Each Score
Percentile by Number Answered
Your Score History
You have not taken this quiz since the last reset